00329pab a2200121 454500008004000000100001800040245006700058260000900125300001300134362001400147650001200161773003400173180718b1998 xxu||||| |||| 00| 0 eng d aKooiman, Dick aThe Nizam's last victory: Hyderabad on eve of second world war c1998 ap.645-60 a21-27 Mar aHistory aEconomic and Political Weekly